Echo Made Easy. (Record no. 7186)

MARC details
000 -LEADER
fixed length control field 00429nam a22001817a 4500
003 - CONTROL NUMBER IDENTIFIER
control field OSt
005 - DATE AND TIME OF LATEST TRANSACTION
control field 20210908162812.0
008 - FIXED-LENGTH DATA ELEMENTS--GENERAL INFORMATION
fixed length control field 210908b ||||| |||| 00| 0 eng d
020 ## - INTERNATIONAL STANDARD BOOK NUMBER
International Standard Book Number 0443061882
040 ## - CATALOGING SOURCE
Transcribing agency NLM
082 ## - DEWEY DECIMAL CLASSIFICATION NUMBER
Classification number WG 100
Item number K114e 2002
100 ## - MAIN ENTRY--PERSONAL NAME
Personal name Kaddoura, Sam
9 (RLIN) 14778
245 ## - TITLE STATEMENT
Title Echo Made Easy.
260 ## - PUBLICATION, DISTRIBUTION, ETC. (IMPRINT)
Place of publication, distribution, etc. New York:
Name of publisher, distributor, etc. Elsevier
Date of publication, distribution, etc. 2002
300 ## - PHYSICAL DESCRIPTION
Extent 190p.:
Other physical details ill;
Dimensions 18
650 ## - SUBJECT ADDED ENTRY--TOPICAL TERM
Topical term or geographic name as entry element Echo
9 (RLIN) 14779
942 ## - ADDED ENTRY ELEMENTS (KOHA)
Source of classification or shelving scheme Other/Generic Classification Scheme
Koha item type Book
Holdings
Withdrawn status Lost status Source of classification or shelving scheme Damaged status Not for loan Home library Current library Date acquired Source of acquisition Inventory number Total Checkouts Full call number Barcode Date last seen Date last checked out Price effective from Koha item type
    Other/Generic Classification Scheme     MUST Main Library MUST Main Library 08/09/2021 Purchase 10/32163 2 WG 100 K114e 2002 2021-1008 11/10/2022 08/07/2022 08/09/2021 Book